00834cam a2200229 i 4500008004100000020002500041100001800066245013900084250001900223260009300242300002800335500002000363504004100383650004200424650004600466650001900512650002300531700002300554003000100577005001700578040000900595  a9781628925319 (pbk.) aHethorn,Janet00aSustainable fashion :bwhat's next? :ba conversation about issues, practices and possibilities /cJanet Hethorn and Connie Ulasewicz. aSecond edition aNew York :bBloomsbury, Fairchild Books, an imprint of Bloomsbury Publishing Inc.,c2015 axxx, 416 pages ;c23 cm aIncludes index. aIncludes bibliographical references. 0aClothing tradexEnvironmental aspects 0aClothing tradexMoral and ethical aspects 0aFashion design 0aSustainable design1 aUlasewicz, Connie.20230123141118.0 cNUST